| 000 | 01201nam0a22003131 4500 | ||
|---|---|---|---|
| 001 | rc\3197081 | ||
| 005 | 20250530093810.0 | ||
| 021 |
_aRU _b77-45449 |
||
| 021 |
_aRU _bРг9991-77 |
||
| 035 | _a(NLR Aleph) 007343383 | ||
| 090 |
_a6132874 _c6132874 |
||
| 100 | _a20120628d1976 |||y0rusy50 ca | ||
| 101 | 0 | _arus | |
| 102 | _aRU | ||
| 105 | _aa z ||||| | ||
| 200 | 1 |
_aМетодические вопросы формирования номенклатуры средств контроля _eНа примере разработки системы высокочастотных сигнализаторов уровня ГСП |
|
| 210 |
_aМосква _cБ. и. _d1976 |
||
| 215 |
_a61 с. _cил. _d20 |
||
| 225 | 1 | _aИнститут проблем управления. Препринт | |
| 300 | _aПеред загл. авт.: В.А. Викторов, Е.В. Юркевич, С.С. Радугин [и др.] | ||
| 320 | _aБиблиогр.: с. 59-61 | ||
| 701 | 1 |
_aЮркевич _bЕ.В. |
|
| 701 | 1 |
_aВикторов _bВ.А. |
|
| 701 | 1 |
_aРадугин _bС.С. |
|
| 801 | 0 |
_aRU _bNLR _gpsbo |
|
| 801 | 1 |
_aRU _bELAR _2rusmarc |
|
| 852 |
_aNLR _j77-6/6352 |
||
| 942 | _cBOOK | ||
| 980 | _aNB | ||